000 01482nam a2200373 4500
999 _c6
_d6
003 AKMAL
005 20170412112631.0
008 170412s2002 myb 00 eng d
020 _a9679788253:
_cRM59.00
040 _aAKMAL
082 0 4 _a332.46091724
_221
090 0 0 _a332.46091724
_bMEE
100 1 _aMeera, Ahamed Kameel Mydin
_929
245 1 4 _aThe Islamic gold dinar /
_cAhamed Kameel Mydin Meera
260 _aSubang Jaya :
_bPelanduk Publications,
_c2002
300 0 0 _axii, 118p. :
_bill. ;
_c23cm
500 _aIncludes index
504 _aBibliography: p. 111-113
650 0 _aMonetary policy
_zDeveloping countries
_930
650 0 _aFinancial instruments
_zDeveloping countries
_931
650 0 _aBanks and banking
_xReligious aspects
_xIslam
_zDeveloping countries
_932
942 _2ddc
_cBOOK